Taci, anzi parla : diario di una femminista : 1972-1977 /

Gespeichert in:
Bibliographische Detailangaben
1. Verfasser: Lonzi, Carla (Verfasst von)
Weitere Verfasser: Buttarelli, Annarosa (Herausgegeben von)
Format: Buch
Sprache:Italienisch
Veröffentlicht: Milano : La Tartaruga, 2024
Schriftenreihe:La tartaruga ; 41
Schlagworte:
Tags: Tag hinzufügen
Keine Tags, Fügen Sie das erste Tag hinzu!

MARC

LEADER 00000nam a22000007i 4500
001 IT\ICCU\RAV\2195668
003 ItRI
005 20260315170618.0
008 241128s2024 it |||||| ||||| |||||c
020 |a 9791281723023 
040 |b ita  |c Centro di documentazione Omologie (CIG Arcigay Milano)  
041 7 |a ita  |2 ISO-639-2 
082 |a 305.42092  |2 23 
100 1 |a Lonzi, Carla  |0 IT\ICCU\CFIV\031079  |4 aut 
240 1 0 |a Taci, anzi parla  |9 Lonzi, Carla 
245 1 0 |a Taci, anzi parla :  |b diario di una femminista : 1972-1977 /  |c Carla Lonzi ; a cura di Annarosa Buttarelli. 
260 |a Milano :  |b La Tartaruga,  |c 2024 
300 |a 1079 p. ;  |c 22 cm. 
650 7 |a Lonzi, Carla . Taci, anzi parla 
700 1 |a Buttarelli, Annarosa  |0 IT\ICCU\REAV\094095  |4 edt 
830 3 |a La tartaruga ;  |v 41  |0 IT\ICCU\LI3\0026553 
942 |2 ddc  |c BK  |n 0 
952 |0 0  |1 0  |2 ddc  |4 0  |6 305_420000000000000_LON_TAC  |7 0  |9 33286  |a MI  |b MI  |d 2026-03-15  |l 0  |o 305.42 LON TAC  |p 11812  |r 2026-03-15 17:08:20  |w 2026-03-15  |y BK 
981 1 |6 z01  |a i   |b xxxe  
982 1 |6 z01  |a n 
999 |c 28914  |d 28914